| 000 | 00804nam a2200217 a 4500 | ||
|---|---|---|---|
| 008 | 951212s1979||||CS 0 slo c | ||
| 020 |
_c150 Kčs. _q(60000 výtl.) |
||
| 040 |
_aSNK _bslo _cSNK _eAACR2 |
||
| 080 | _a908.437.6(031) | ||
| 080 | _a030.1(437.6) | ||
| 245 | 1 | 0 |
_aEncyklopédia Slovenska III.zväzok K-M _bSúhrn poznatkov o minulosti a prítomnosti Slovenska ; Milan Veselý, Jozef Laluha |
| 250 | _a1., vyd. | ||
| 260 |
_aBratislava _bVeda _c1979 _eBratislava _fSvornosť |
||
| 300 |
_a704 s., 173,37 AH _bFareb. a čiernobiele fot. Tb. Mp. Noty. _c27 cm |
||
| 500 | _aZozn. skr. a obcí. Faksim. rkp. Fareb. príl. a prebal vytl. Polygrafické závody, Bratislava. | ||
| 700 | 1 |
_aVeselý, Milan _4gup |
|
| 700 | 1 |
_aLaluha, Jozef _4gup |
|
| 044 |
_axo _cSK |
||
| 041 | _aslo | ||
| 958 | _aA | ||
| 999 |
_c19266 _d19266 |
||